| 000 | 00590nam a22001937a 4500 | ||
|---|---|---|---|
| 003 | OSt | ||
| 005 | 20151016140002.0 | ||
| 008 | 130509b xxu||||| |||| 00| 0 eng d | ||
| 020 | _a8434007533 | ||
| 040 | _cCDMR | ||
| 245 | 0 | 0 | _aLegislación sobre medios de comunicación social |
| 260 |
_aMadrid _bBoletín Oficial del Estado _c1995 |
||
| 300 | _a1042 p. | ||
| 490 | 0 | _aCompilaciones (Boletín Oficial del Estado) | |
| 650 | 0 | 4 |
_93370 _aMitjans de comunicació de massa _xDret i legislació |
| 650 | 0 | 4 |
_93082 _aMitjans de comunicació social |
| 710 | 1 |
_93827 _aEspanya |
|
| 942 |
_2udc _cMON |
||
| 999 |
_c6204 _d6204 |
||